[Event "Staufer op 22nd"]
[Site "Schwaebisch Gmuend"]
[Date "2010.01.02"]
[Round "1"]
[White "Van den Bersselaar, Jeroen"]
[Black "Janson, Dieter"]
[Result "1-0"]
[WhiteElo "2183"]
[BlackElo "1795"]
[PlyCount "28"]
[EventDate "2010.01.02"]
[EventType "swiss"]
[EventRounds "9"]
[EventCountry "GER"]
[SourceTitle "CBM 134 Extra"]
[Source "ChessBase"]
[SourceDate "2010.03.03"]
[SourceVersion "1"]
[SourceVersionDate "2010.03.03"]
[SourceQuality "1"]

1. d4 g6 2. e4 Bg7 3. Nc3 d6 4. Be3 Nf6 5. Qd2 Nbd7 6. Nf3 e5 7. dxe5 dxe5 8. 0-0-0 Qe7 9. Bh6 Bxh6 10. Qxh6 Ng4 11. Qd2 Qc5 12. Nd5 0-0 13. Qg5 Nxf2 14. b4 Nxe4 1-0